00844cam a2200265 a 4500001001400000005001700014008004100031020002700072035002800099035002700127035004100154040003200195041000800227044001100235072004700246080002300293100002800316245006700344250001200411260002900423300002700452655003200479655002900511700003800540vtls01172553420220427111402.0200104s2017 xo a g 000 j slo  a9788089930036q(viaz.) aurn:nbn:sk:snk-am00d0ow aurn:nbn:sk:snk-am3hhoq a8FE917B3-A8C4-4B0D-979A-B90D5B27D859 aPPPKbslocPPPKdSNKeAACR20 aslo axocSK 7a821.162.4-3xSlovenská próza2konspekt a821.162.4-32220111 aKollár, Jozef,d1960-10aFinalistacJozef Kollár ; [ilustrácie Martin Kellenberger] a1. vyd. aBratislavabRegentc2017 a140 s.bilustr.c22 cm 7aslovenské poviedky2SNKPH 7aSlovak stories2SNKPHeng1 aKellenberger, Martin,d1957-4ill